| 000 | 00549nam a22001817a 4500 | ||
|---|---|---|---|
| 005 | 20231026101945.0 | ||
| 008 | 231026b |||||||| |||| 00| 0 eng d | ||
| 020 | _a0702119261 | ||
| 041 | _aAfrikaans | ||
| 082 | _a347 DEV | ||
| 100 |
_aDe Wos, W _lAfrikaans |
||
| 245 |
_aVerrykingsaanspreeklikheid in die Suid-Afrikaanse Reg / _cW De Wos |
||
| 250 | _aDerde Uitgawe | ||
| 260 |
_aKaapstad : _bJuta en Kie, Bpk, _c1987 |
||
| 300 |
_bxxxi, 389 pages ; _c26,5 cm. |
||
| 650 |
_aLegal practice _bLaw |
||
| 942 |
_cBK _6ALISON_BN_VRIES |
||
| 999 |
_c81 _d81 |
||